STN EN 1434-4: 2008 (25 8512) [neplatná], Merače tepla Časť 4 Skúšky typu meradla
Táto norma je slovenskou verziou európskej normy EN 1434-4: 2007 vrátane EN 1434-4: 2007/AC: 2007. Má rovnaké postavenie ako majú oficiálne verzie.
| Corporate Author: | |
|---|---|
| Other Authors: | |
| Format: | Book |
| Language: | Slovak English |
| PhysicalDescription: | 52 strán obrázky, tabuľky 30 cm |
| Published: |
Bratislava
Slovenský ústav technickej normalizácie
2008
|
| Subjects: |
MARC
| LEADER | 00000cam a2200000 a 4500 | ||
|---|---|---|---|
| 001 | vtls009827305 | ||
| 003 | SK-MaSNL | ||
| 005 | 20260301130421.0 | ||
| 008 | 130117s2008 xo a f u 000 0 slo | ||
| 015 | |a SNBN2011/01-00165 | ||
| 020 | |c (cen. skup. 15) | ||
| 035 | |a (SVKBBclas03)vtls000291050 | ||
| 040 | |a SNK |b slo |c SNK |e AACR2 | ||
| 041 | 1 | |a slo |h eng | |
| 044 | |a xo |c SK | ||
| 046 | |a m |m 20080501 (účin.) |n 20160401 (zruš.) | ||
| 072 | 7 | |a 681 |x Presná mechanika a prístroje. Hudobné nástroje |2 konspekt | |
| 080 | |a 681.125 |2 2001 | ||
| 084 | |a 17.200.10 |2 ICS | ||
| 130 | 0 | |a STN 25 8512 (STN EN 1434-4) [neplatná] |9 408237 | |
| 245 | 1 | 0 | |a STN EN 1434-4: 2008 (25 8512) [neplatná], Merače tepla |n Časť 4 |p Skúšky typu meradla |
| 246 | 1 | 0 | |a Merače tepla |
| 246 | 3 | 0 | |a EN 1434-4: 2008 |
| 246 | 1 | 0 | |a Skúšky typu meradla |
| 260 | |a Bratislava |b Slovenský ústav technickej normalizácie |c 2008 | ||
| 300 | |a 52 strán |b obrázky, tabuľky |c 30 cm | ||
| 500 | |a Súbežný názov v angličtine, francúzštine, nemčine | ||
| 500 | |a Táto norma nahrádza anglickú verziu STN EN 1434-4 z augusta 2007, ktorá od 1.8.2007 nahradila STN EN 1434-4 z mája 2004 v celom rozsahu | ||
| 500 | |a Norma je nahradená anglickou verziou normy STN EN 1434-4 z apríla 2016 v celom rozsahu | ||
| 500 | |a Spracovateľ: Slovenska technická univerzita Bratislava, Martin Halaj | ||
| 504 | |a Obsahuje bibliografiu na strane 39 | ||
| 520 | 8 | |a Táto norma je slovenskou verziou európskej normy EN 1434-4: 2007 vrátane EN 1434-4: 2007/AC: 2007. Má rovnaké postavenie ako majú oficiálne verzie. | |
| 540 | |a STN vydané na akomkoľvek nosiči sa môžu rozmnožovať a rozširovať iba so súhlasom určenej právnickej osoby |b SÚTN Bratislava |c zákon 264/1999 Z.z. | ||
| 650 | 0 | 7 | |a merače tepla |2 SVKBBPH |9 477973 |
| 650 | 0 | 7 | |a technické normy a štandardy |z Slovensko |2 SVKBBPH |9 79594 |
| 650 | 0 | 7 | |a technické normy a štandardy |z krajiny Európskej únie |2 SVKBBPH |9 289341 |
| 655 | 7 | |a normy |2 SVKBBPH |9 70643 | |
| 700 | 1 | |a Halaj, Martin, |d 1966- |4 trl |9 210164 | |
| 710 | 2 | |a Slovenský ústav technickej normalizácie (Bratislava, Slovensko). |b Technická komisia č. 110 Metrológia |4 stn |9 303045 | |
| 710 | 2 | |a Slovenská technická univerzita v Bratislave |4 aut |9 239337 | |
| 852 | |a Štátna vedecká knižnica v Banskej Bystrici | ||
| 958 | |a OP | ||
| 958 | |a NB | ||
| 999 | |c 745121 |d 747051 | ||
| 952 | |a SNK |b SNK |y PREZ |7 0 |p 17A0598882 |o snkSTN EN 1434-4 |i snk2008/17357 |8 0 |0 0 |1 0 |4 0 |d 2008-09-23 |l 0 |r 2026-02-23 23:13:39 |w 2026-02-23 | ||
| 952 | |a SNK |b SNK |y PREZ |7 0 |p 17A0598883 |o snkSTN EN 1434-4 D1 |i snk2008/17358 |8 0 |0 0 |1 0 |4 0 |d 2008-09-23 |l 0 |r 2026-02-23 23:13:39 |w 2026-02-23 | ||


